Cinéma : une image, un film (niveau moyen) - Statistiques

Statistiques générales
  • Ce quiz a été pris 11 665 fois
  • Le résultat moyen est 10 sur 12
Statistiques - réponses
Par images Réponse % Correct
Joker
97%
Retour vers le Futur II
93%
La Ligne Verte
91%
Forrest Gump
87%
Les Gardiens de la Galaxie
86%
The Shining
83%
The Truman Show
79%
Grease
74%
Il Faut Sauver le Soldat Ryan
73%
Scarface
69%
The Dark Knight
69%
Elephant Man
57%
Aucun quiz correspondant
Distribution des résultats
% des personnes avec chaque résultat
Percentile par nombre de réponses
Votre historique - résultats
Vous n’avez pas pris ce quiz